• 首页
  • 本馆介绍
  • 公告通知
  • 最新文献
  • 馆藏检索
  • 电子资源
  • 读者导购
  • 参考咨询
  • 我的图书馆
  • 登录
  • 详细信息显示
  • 放入我的书架
  • 预约/预借图书
  • 作者相关作品
  • 分类相关作品
  • 丛书相关作品
  • 出版社相关作品

书目信息

  • 表格格式
  • 工作单格式
  • 卡片格式
题名:
学前儿童社会教育
    
 
作者: 肖成林 , 赵倩倩 , 冯敏洁 主编
分册:  
出版信息: 镇江   江苏大学出版社  2020.8
页数: 202页
开本: 26cm
丛书名:
单 册:
中图分类: G611
科图分类:
主题词: 学前儿童--社会教育--教材
电子资源:
ISBN: 978-7-5684-1421-0
000 01036nam0 2200265 45
001 012001001360
005 20140820170352.0
010    @a978-7-5684-1421-0@dCNY45.00
100    @a20201106d2020 em y0chiy0110 ea
101 0  @achi
102    @aCN@b320000
105    @aa z 000yy
106    @ar
200 1  @a学前儿童社会教育@Axue qian er tong she hui jiao yu@f肖成林, 赵倩倩, 冯敏洁主编
210    @a镇江@c江苏大学出版社@d2020.8
215    @a202页@c图@d26cm
300    @a创新型学前教育专业精品教材 “互联网+教育”新形态教材
330    @a本书共分为九章,内容包括学前儿童社会教育概述、学前儿童社会性发展概述、学前儿童自我意识教育、学前儿童情绪情感教育、学前儿童社会认知与社会适应教育、学前儿童社会性行为教育、学前儿童个性教育、学前儿童社会交往教育及学前儿童多元文化教育。
606 0  @a学前儿童@x社会教育@j教材
690    @aG611@v5
701  0 @a肖成林@Axiao cheng lin@4主编
701  0 @a赵倩倩@Azhao qian qian@4主编
701  0 @a冯敏洁@Afeng min jie@4主编
801    @aCN@bAHXH@c20210922
905    @b1251630-4@dG611@e1933@f5
    
    学前儿童社会教育/肖成林, 赵倩倩, 冯敏洁主编.-镇江:江苏大学出版社,2020.8
    202页:图;26cm
    创新型学前教育专业精品教材 “互联网+教育”新形态教材
    
    ISBN 978-7-5684-1421-0:CNY45.00
    本书共分为九章,内容包括学前儿童社会教育概述、学前儿童社会性发展概述、学前儿童自我意识教育、学前儿童情绪情感教育、学前儿童社会认知与社会适应教育、学前儿童社会性行为教育、学前儿童个性教育、学前儿童社会交往教育及学前儿童多元文化教育。
●
相关链接 在E读中查询图书 在五车中查询图书 在当当中查询图书 在豆瓣中查询图书


正题名:学前儿童社会教育     索取号:G611/1933         预约/预借

序号 登录号 条形码 馆藏地/架位号 状态 备注
1 1251630   212516302   第一样本阅览室/ [索取号:G611/1933] 在馆    
2 1251631   212516311   教育系资料室/ [索取号:G611/1933] 在馆    
3 1251632   212516320   教育系资料室/ [索取号:G611/1933] 在馆    
4 1251633   212516339   第四借阅区/ [索取号:G611/1933] 在馆    
5 1251634   212516348   第四借阅区/ [索取号:G611/1933] 在馆    
唐山师范学院图书馆 欢迎您!
大连网信软件有限公司© 版权所有